000 00966nam a2200277 i 4500
001 bg
100 1 _aRiley, Kenneth Franklin
_d(1936- ).
245 1 0 _aStudent solutions manual for mathematical methods for physics and engineering /
_cK.F. Riley and M.P. Hobson.
250 _a3rd ed.
260 _aCambridge :
_bCambridge University Press,
_c2006.
300 _aX, 534 s. :
_bwykr. ;
_c24 cm.
650 9 _aMatematyka
_xstosowanie
_xfizyka
650 9 _aMatematyka
_xstosowanie
_xtechnika
655 _aPodręczniki akademickie
700 1 _aHobson, Michael Paul
_d(1967- ).
020 _a0521679737
020 _a9780521679732
040 _cBPK
041 0 _aeng
080 _a51:53:62](075.8)
920 _a0-521-67973-7
920 _a978-0-521-67973-2
942 _cKS
008 s pl f |000 0 pol
999 _c52164
_d52164
856 _uhttp://koha.tu.koszalin.pl/cgi-bin/koha/opac-detail.pl?biblionumber=52164
_yKatalog online BPK